| 000 | 00739cab a2200241 4500 | ||
|---|---|---|---|
| 001 | WB2727-17 | ||
| 008 | 090401t1991 xxu||||| |||| 00| 0 eng d | ||
| 035 | _a(Sirsi) u34326 | ||
| 041 | _aeng | ||
| 245 | _aHousing research programme | ||
| 260 | _c1991 | ||
| 350 | _a0 | ||
| 490 |
_aDoE News Release _vno 416 9 July 1991, 7 pages |
||
| 520 | _a£11.4m has been allocated to housing research with a large part of this sum financing the English House Condition Survey 1991 . Projects under the scheme listed. | ||
| 650 | _aESTATE ACTION | ||
| 650 | _aHOUSING MANAGEMENT | ||
| 650 | _aRENT ARREARS | ||
| 650 | _aSHORTHOLD TENANCIES | ||
| 650 | _aVOLUNTARY TRANSFERS | ||
| 690 | _aHOUSING | ||
| 942 | _n0 | ||
| 948 | _c04/03/1997 | ||
| 999 |
_c22754 _d22754 |
||